[Event "Faaker See op 27th"]
[Site "Latschach (13.8.-20.8)"]
[Date "2011.08.14"]
[Round "3.12"]
[White "Wertjanz, David"]
[Black "Sorcnik, Franc"]
[Result "0-1"]
[WhiteElo "2234"]
[BlackElo "2113"]
[PlyCount "136"]
[EventDate "2011.08.13"]
[EventType "swiss"]
[EventRounds "9"]
[EventCountry "AUT"]
[WhiteTeam "AUT (Österreich)"]
[BlackTeam "SLO (Slowenien)"]
[WhiteTeamCountry "AUT"]
[BlackTeamCountry "SLO"]

1. e4 e5 2. Nf3 Nc6 3. Bb5 a6 4. Ba4 Nf6 5. O-O Be7 6. Re1 b5 7. Bb3 d6 8. c3
O-O 9. d4 Bg4 10. Be3 Na5 11. Bc2 Nc4 12. Bc1 c5 13. b3 Nb6 14. dxe5 Bxf3 15.
Qxf3 dxe5 16. Nd2 Re8 17. Nf1 Bf8 18. Bg5 Nbd7 19. Rad1 Qb6 20. Ne3 g6 21. Rd2
h6 22. Bh4 Ra7 23. Red1 Qc6 24. a4 Be7 25. a5 Qc7 26. Ng4 Kg7 27. Qh3 h5 28.
Ne3 Nf8 29. Qg3 Ng4 30. Nd5 Qxa5 31. Bxe7 Raxe7 32. Nxe7 Rxe7 33. h3 Nf6 34.
Rd6 b4 35. Qd3 bxc3 36. Rxa6 Qc7 37. Qxc3 Ne6 38. f3 h4 39. Bd3 Nh5 40. Bf1 Ng3
41. Ra2 f6 42. Rc1 Qb6 43. Qc4 Qd6 44. Qd5 Qb8 45. Ra8 Qb4 46. Bc4 Nf4 47. Qd8
Kh6 48. Ra6 Nfe2+ 49. Bxe2 Nxe2+ 50. Kh2 Rf7 51. Qd5 Rb7 52. Rc2 Nd4 53. Rc1
Qd2 54. Qxc5 Qf4+ 55. Kh1 Rxb3 56. Ra2 Re3 57. Qf8+ Kg5 58. Qc8 Ne2 59. Rxe2
Rxe2 60. Qg4+ Qxg4 61. hxg4 h3 62. g3 Rf2 63. Rc3 Rg2 64. f4+ exf4 65. gxf4+
Kxf4 66. Rxh3 Rxg4 67. Ra3 Kxe4 68. Kh2 f5 0-1

[Event "Faaker See op 27th"]
[Site "Latschach (13.8.-20.8)"]
[Date "2011.08.14"]
[Round "3.13"]
[White "Keller, Manfred(45)"]
[Black "Tarmann, Johannes"]
[Result "1-0"]
[WhiteElo "2170"]
[BlackElo "2019"]
[PlyCount "77"]
[EventDate "2011.08.13"]
[EventType "swiss"]
[EventRounds "9"]
[EventCountry "AUT"]
[WhiteTeam "Pang/Rosenheim SGem"]
[BlackTeam "AUT (Österreich)"]
[WhiteTeamCountry "GER"]
[BlackTeamCountry "AUT"]

1. Nf3 e6 2. b3 Nf6 3. Bb2 c5 4. e3 Nc6 5. Be2 d5 6. O-O Be7 7. d4 O-O 8. c4
dxc4 9. Bxc4 a6 10. Nc3 cxd4 11. exd4 Nb4 12. Ne5 Bd7 13. d5 exd5 14. Nxd5
Nbxd5 15. Bxd5 Nxd5 16. Qxd5 Bc8 17. Qf3 Bf6 18. Rad1 Qc7 19. Rc1 Qb6 20. Nc4
Qe6 21. Bxf6 Qxf6 22. Qxf6 gxf6 23. Nb6 Rb8 24. Nd5 Kg7 25. Rc3 f5 26. Re1 Be6
27. Rg3+ Kh8 28. Nf4 Rfe8 29. Rge3 Bd7 30. f3 Rxe3 31. Rxe3 Re8 32. Rxe8+ Bxe8
33. Kf2 Kg7 34. Ke3 Kf6 35. Kd4 Bc6 36. a4 h6 37. Kc5 Ke7 38. Nd3 Kd7 39. Ne5+
1-0

[Event "Faaker See op 27th"]
[Site "Latschach (13.8.-20.8)"]
[Date "2011.08.14"]
[Round "3.14"]
[White "Niedermeier, Thomas(90)"]
[Black "Isola, Gernot"]
[Result "1-0"]
[WhiteElo "2165"]
[BlackElo "1993"]
[PlyCount "93"]
[EventDate "2011.08.13"]
[EventType "swiss"]
[EventRounds "9"]
[EventCountry "AUT"]
[WhiteTeam "Ilmmünster SV"]
[BlackTeam "AUT (Österreich)"]
[WhiteTeamCountry "GER"]
[BlackTeamCountry "AUT"]

1. e4 e6 2. d4 d5 3. Nd2 c5 4. exd5 Qxd5 5. Ngf3 cxd4 6. Bc4 Qd6 7. O-O Nf6 8.
Nb3 Nc6 9. Nbxd4 Nxd4 10. Nxd4 a6 11. Be3 Qc7 12. Bb3 Bd6 13. h3 Bd7 14. Qf3
O-O-O 15. Rfd1 Kb8 16. a4 Qa5 17. Nb5 Bc6 18. Ba7+ Kc8 19. Nxd6+ Rxd6 20. Qg3
Ne4 21. Qxg7 Qd8 22. Rxd6 Nxd6 23. g3 Rg8 24. Qd4 Nf5 25. Qxd8+ Rxd8 26. Bb6
Rd2 27. Ba5 Rd7 28. Bc3 Nd4 29. Bxd4 Rxd4 30. h4 Bd5 31. Bxd5 Rxd5 32. b3 a5
33. Kf1 Kc7 34. Re1 Kc6 35. Re4 b5 36. axb5+ Rxb5 37. Rc4+ Kd6 38. g4 Rb4 39.
Rxb4 axb4 40. Ke2 Ke5 41. Ke3 h6 42. f4+ Kd5 43. h5 e5 44. g5 exf4+ 45. Kxf4
hxg5+ 46. Kxg5 Ke6 47. h6 1-0

[Event "Faaker See op 27th"]
[Site "Latschach (13.8.-20.8)"]
[Date "2011.08.14"]
[Round "3.15"]
[White "Roescheisen, Markus"]
[Black "Trevisan, Luigi"]
[Result "1-0"]
[WhiteElo "1977"]
[BlackElo "2147"]
[PlyCount "105"]
[EventDate "2011.08.13"]
[EventType "swiss"]
[EventRounds "9"]
[EventCountry "AUT"]
[WhiteTeam "Esslingen-RSK TSV"]
[BlackTeam "ITA (Italien)"]
[WhiteTeamCountry "GER"]
[BlackTeamCountry "ITA"]

1. e4 e5 2. Nf3 Nc6 3. Bc4 Bc5 4. b4 Bb6 5. a4 a6 6. O-O d6 7. c3 Nf6 8. d3 Be6
9. Bxe6 fxe6 10. Qb3 Qe7 11. Ng5 Nd8 12. Ba3 O-O 13. Nd2 Nh5 14. Ngf3 Nf4 15.
a5 Ba7 16. b5 axb5 17. Qxb5 Qe8 18. Qc4 Qc6 19. d4 Qxc4 20. Nxc4 exd4 21. Nxd4
Bxd4 22. cxd4 Ne2+ 23. Kh1 Nxd4 24. e5 d5 25. Bxf8 Kxf8 26. Nd2 N8c6 27. Rfc1
Ke7 28. Rc3 Rf8 29. Nb3 Nb5 30. Rc5 Nba7 31. a6 b6 32. Rc2 Kd7 33. Rac1 Rf4 34.
g3 Rb4 35. Rc3 Ra4 36. f4 Rxa6 37. g4 Ra4 38. f5 Rxg4 39. fxe6+ Kxe6 40. Rxc6+
Nxc6 41. Rxc6+ Kd7 42. Rc3 c5 43. Nd2 c4 44. h3 Rd4 45. Nf3 Rd1+ 46. Kg2 Ra1
47. Re3 Rd1 48. e6+ Ke8 49. Kf2 b5 50. Ke2 Rh1 51. Nd4 Rh2+ 52. Ke1 Rb2 53. Nf5
1-0

[Event "Faaker See op 27th"]
[Site "Latschach (13.8.-20.8)"]
[Date "2011.08.14"]
[Round "3.16"]
[White "Legat, Albert"]
[Black "Rodman, Franc"]
[Result "0-1"]
[WhiteElo "1933"]
[BlackElo "2143"]
[PlyCount "46"]
[EventDate "2011.08.13"]
[EventType "swiss"]
[EventRounds "9"]
[EventCountry "AUT"]
[WhiteTeam "AUT (Österreich)"]
[BlackTeam "SLO (Slowenien)"]
[WhiteTeamCountry "AUT"]
[BlackTeamCountry "SLO"]

1. e4 e5 2. Nf3 Nc6 3. Nc3 Nf6 4. d4 exd4 5. Nxd4 Bb4 6. Bg5 h6 7. Nxc6 bxc6 8.
Bd2 O-O 9. Bd3 d5 10. exd5 cxd5 11. O-O c6 12. a3 Bd6 13. h3 Nd7 14. Bf5 Qf6
15. Bg4 Ne5 16. Bxc8 Raxc8 17. Be3 Nc4 18. Bd4 Qf4 19. g3 Qf5 20. Ne2 Qxh3 21.
Bc3 Rfe8 22. b3 Re4 23. f4 Ne3 0-1

[Event "Faaker See op 27th"]
[Site "Latschach (13.8.-20.8)"]
[Date "2011.08.14"]
[Round "3.18"]
[White "Stock, Andreas(11.62)"]
[Black "Van der Grinten, Bas Dr"]
[Result "1/2-1/2"]
[WhiteElo "2138"]
[BlackElo "1928"]
[PlyCount "109"]
[EventDate "2011.08.13"]
[EventType "swiss"]
[EventRounds "9"]
[EventCountry "AUT"]
[WhiteTeam "Pirmasens SC"]
[BlackTeam "NED (Niederlande)"]
[WhiteTeamCountry "GER"]
[BlackTeamCountry "NED"]

1. c4 Nf6 2. Nc3 c5 3. Nf3 Nc6 4. g3 g6 5. Bg2 Bg7 6. O-O O-O 7. e4 d6 8. d3
Bd7 9. h3 Rb8 10. Rb1 a6 11. a4 Nd4 12. Nxd4 cxd4 13. Ne2 e5 14. b4 b5 15. cxb5
axb5 16. a5 Be6 17. f4 Qd7 18. g4 exf4 19. Bxf4 Ne8 20. Qd2 Be5 21. Bh6 Ng7 22.
Rfc1 f6 23. Bf4 Bf7 24. Bg3 Ne6 25. Bf2 h5 26. gxh5 gxh5 27. Qh6 Ng5 28. h4
Nh3+ 29. Kf1 Qg4 30. Bxh3 Qxh3+ 31. Ke1 Qxd3 32. Rd1 Qxe4 33. Kd2 Bg6 34. Qxg6+
Qxg6 35. Rg1 Qg4 36. Rxg4+ hxg4 37. Nxd4 Kf7 38. Rg1 f5 39. h5 Rbc8 40. Nxb5
Rc4 41. Rb1 Rfc8 42. Bb6 g3 43. Kd3 g2 44. a6 R4c6 45. Na7 Rc3+ 46. Ke2 Rb8 47.
Bf2 f4 48. b5 Rc2+ 49. Kf3 Rxf2+ 50. Kxf2 Bd4+ 51. Kxg2 Bxa7 52. Kf3 Be3 53. h6
Kg6 54. Rb3 Bc5 55. Kxf4 1/2-1/2

[Event "Faaker See op 27th"]
[Site "Latschach (13.8.-20.8)"]
[Date "2011.08.14"]
[Round "3.19"]
[White "Koch, Markus(06.76)"]
[Black "Ravnik, Franc"]
[Result "1-0"]
[WhiteElo "2135"]
[BlackElo "1911"]
[PlyCount "43"]
[EventDate "2011.08.13"]
[EventType "swiss"]
[EventRounds "9"]
[EventCountry "AUT"]
[WhiteTeam "Frankfurt-Brett vor'm Kopp SC"]
[BlackTeam "SLO (Slowenien)"]
[WhiteTeamCountry "GER"]
[BlackTeamCountry "SLO"]

1. d4 Nf6 2. c4 d5 3. cxd5 Nxd5 4. e4 Nf6 5. Nc3 g6 6. Bc4 c6 7. Nf3 Bg7 8. h3
O-O 9. a4 b6 10. Qe2 Bb7 11. O-O a6 12. Rd1 Qc7 13. Bb3 e6 14. Be3 Nbd7 15.
Rac1 Rfc8 16. d5 exd5 17. exd5 c5 18. d6 Qd8 19. Ng5 Qf8 20. Bxf7+ Kh8 21. Ba2
h6 22. Ne6 1-0

[Event "Faaker See op 27th"]
[Site "Latschach (13.8.-20.8)"]
[Date "2011.08.14"]
[Round "3.20"]
[White "Nailer, Ali"]
[Black "Scholvin, Erich"]
[Result "0-1"]
[WhiteElo "2034"]
[BlackElo "2058"]
[PlyCount "62"]
[EventDate "2011.08.13"]
[EventType "swiss"]
[EventRounds "9"]
[EventCountry "AUT"]
[WhiteTeam "TUR (Türkei)"]
[BlackTeam "Hamburger SK"]
[WhiteTeamCountry "TUR"]
[BlackTeamCountry "GER"]

1. e4 e6 2. d4 d5 3. exd5 exd5 4. Bd3 Nc6 5. Nf3 Bd6 6. O-O Nge7 7. Bg5 f6 8.
Bh4 Bg4 9. c3 Qd7 10. Nbd2 O-O-O 11. b4 Nf5 12. Bxf5 Qxf5 13. Qa4 Kb8 14. Rfe1
Bxf3 15. Nxf3 Qd7 16. Qb3 g5 17. Bg3 Bxg3 18. hxg3 h5 19. a4 h4 20. gxh4 g4 21.
Nd2 Rxh4 22. g3 Rh3 23. Kg2 Qh7 24. Rh1 Rh8 25. Qb1 Rh2+ 26. Rxh2 Qxh2+ 27. Kf1
Re8 28. f3 Qxd2 29. Ra2 Qxc3 30. Qg6 Qxf3+ 31. Rf2 Qh1# 0-1

[Event "Faaker See op 27th"]
[Site "Latschach (13.8.-20.8)"]
[Date "2011.08.14"]
[Round "3.21"]
[White "Hafner, Robert"]
[Black "Sorcnik, Klemen(81)"]
[Result "1/2-1/2"]
[WhiteElo "2113"]
[BlackElo "2030"]
[PlyCount "64"]
[EventDate "2011.08.13"]
[EventType "swiss"]
[EventRounds "9"]
[EventCountry "AUT"]
[WhiteTeam "AUT (Österreich)"]
[BlackTeam "SLO (Slowenien)"]
[WhiteTeamCountry "AUT"]
[BlackTeamCountry "SLO"]

1. d4 d5 2. c4 c6 3. Nf3 e6 4. e3 Nf6 5. Nc3 Nbd7 6. Bd3 Bd6 7. O-O dxc4 8.
Bxc4 b5 9. Bd3 Bb7 10. Ne4 Nxe4 11. Bxe4 Rc8 12. b3 f5 13. Bd3 O-O 14. Bb2 a6
15. Rc1 c5 16. dxc5 Nxc5 17. Bb1 Qe7 18. Qe2 e5 19. Rfd1 e4 20. Nd4 f4 21. exf4
Bxf4 22. Rc3 e3 23. fxe3 b4 24. Rc2 Bxe3+ 25. Kh1 Rf2 26. Qc4+ Ne6 27. Qxc8+
Bxc8 28. Rxc8+ Kf7 29. Nf5 Qa7 30. Nd6+ Ke7 31. Nf5+ Kf7 32. Nd6+ Ke7 1/2-1/2

[Event "Faaker See op 27th"]
[Site "Latschach (13.8.-20.8)"]
[Date "2011.08.15"]
[Round "4.2"]
[White "Van Ginkel, Pieter"]
[Black "Rotstein, Arkadij"]
[Result "1-0"]
[WhiteElo "2244"]
[BlackElo "2479"]
[PlyCount "93"]
[EventDate "2011.08.13"]
[EventType "swiss"]
[EventRounds "9"]
[EventCountry "AUT"]
[WhiteTeam "Nürnberg-Süd SW"]
[BlackTeam "Porz SG"]
[WhiteTeamCountry "GER"]
[BlackTeamCountry "GER"]

1. d4 g6 2. e4 Bg7 3. Nc3 d6 4. Be3 a6 5. a4 Nd7 6. Bc4 e6 7. Nge2 Ne7 8. O-O
O-O 9. Qd2 d5 10. exd5 Nb6 11. Bb3 exd5 12. a5 Nc4 13. Bxc4 dxc4 14. Bh6 Bxh6
15. Qxh6 Bf5 16. Qd2 Qd6 17. Ra4 Nc6 18. d5 Ne5 19. f4 Qc5+ 20. Qd4 Qxd4+ 21.
Nxd4 Ng4 22. h3 Ne3 23. Re1 Rae8 24. Kf2 Nxc2 25. Nxc2 Bxc2 26. Rxe8 Rxe8 27.
Rxc4 b5 28. Rxc7 b4 29. d6 Rd8 30. d7 Bf5 31. Nd5 Kf8 32. Nb6 Ke7 33. Ke3 h5
34. h4 f6 35. Kd4 b3 36. Kc5 g5 37. fxg5 fxg5 38. hxg5 h4 39. Kd5 Be6+ 40. Kc5
Bg4 41. Nd5+ Kf7 42. Kd6 Bf5 43. Nf6 Be6 44. Rc3 Bxd7 45. Nxd7 Kg6 46. Rxb3
Kxg5 47. Rb8 1-0

[Event "Faaker See op 27th"]
[Site "Latschach (13.8.-20.8)"]
[Date "2011.08.15"]
[Round "4.3"]
[White "Stopa, Jacek"]
[Black "Posch, Roland"]
[Result "1-0"]
[WhiteElo "2474"]
[BlackElo "2123"]
[PlyCount "81"]
[EventDate "2011.08.13"]
[EventType "swiss"]
[EventRounds "9"]
[EventCountry "AUT"]
[WhiteTeam "POL (Polen)"]
[BlackTeam "AUT (Österreich)"]
[WhiteTeamCountry "POL"]
[BlackTeamCountry "AUT"]

1. e4 e5 2. Nf3 Nc6 3. Bc4 Nf6 4. d3 Be7 5. O-O O-O 6. a4 d6 7. h3 Be6 8. Nbd2
h6 9. Re1 Kh7 10. c3 g6 11. b4 Qd7 12. Bxe6 fxe6 13. b5 Nd8 14. d4 exd4 15.
cxd4 Nh5 16. Nc4 Nf4 17. Nh2 Qe8 18. Qc2 Qf7 19. Ra3 e5 20. dxe5 dxe5 21. Nxe5
Qe6 22. Rf3 Qxe5 23. Ng4 Qg5 24. Rxf4 Rxf4 25. g3 Ne6 26. Qc4 Bc5 27. gxf4 Qe7
28. f5 Nd4 29. f6 Nf3+ 30. Kf1 Qd7 31. Qxc5 Qd3+ 32. Re2 Qd1+ 33. Kg2 Nh4+ 34.
Kh2 Nf3+ 35. Kg3 Qg1+ 36. Kxf3 Qh1+ 37. Kg3 Qg1+ 38. Kf4 g5+ 39. Kf5 Rg8 40.
Qxc7+ Kh8 41. Bb2 1-0

[Event "Faaker See op 27th"]
[Site "Latschach (13.8.-20.8)"]
[Date "2011.08.15"]
[Round "4.4"]
[White "Danner, Lambert"]
[Black "Okhotnik, Vladimir"]
[Result "0-1"]
[WhiteElo "2103"]
[BlackElo "2455"]
[PlyCount "72"]
[EventDate "2011.08.13"]
[EventType "swiss"]
[EventRounds "9"]
[EventCountry "AUT"]
[WhiteTeam "AUT (Österreich)"]
[BlackTeam "FRA (Frankreich)"]
[WhiteTeamCountry "AUT"]
[BlackTeamCountry "FRA"]

1. g3 e5 2. Bg2 Nc6 3. c4 Nf6 4. Nc3 Bc5 5. Nf3 d6 6. O-O O-O 7. h3 h6 8. d3 a6
9. a3 Re8 10. b4 Ba7 11. e3 Ne7 12. Bb2 Ng6 13. Rc1 c6 14. Qc2 Be6 15. Rfd1 Rc8
16. Qe2 Qd7 17. Kh2 b5 18. e4 Nh7 19. Nb1 f5 20. Nbd2 f4 21. d4 Bb8 22. d5 Bf7
23. dxc6 Rxc6 24. cxb5 Rxc1 25. Rxc1 axb5 26. Bf1 Ba7 27. Kg2 Rb8 28. Qd3 Be6
29. Ng1 fxg3 30. Kxg3 Nf4 31. Qc2 Qe7 32. Ndf3 Ng5 33. h4 Nxf3 34. Nxf3 Rf8 35.
Be2 Qf6 36. Rf1 Qg6+ 0-1

[Event "Faaker See op 27th"]
[Site "Latschach (13.8.-20.8)"]
[Date "2011.08.15"]
[Round "4.5"]
[White "Hresc, Vladimir"]
[Black "Koch, Markus(06.76)"]
[Result "1-0"]
[WhiteElo "2408"]
[BlackElo "2135"]
[PlyCount "57"]
[EventDate "2011.08.13"]
[EventType "swiss"]
[EventRounds "9"]
[EventCountry "AUT"]
[WhiteTeam "CRO (Kroatien)"]
[BlackTeam "Frankfurt-Brett vor'm Kopp SC"]
[WhiteTeamCountry "CRO"]
[BlackTeamCountry "GER"]

1. d4 Nf6 2. c4 e6 3. Nf3 Bb4+ 4. Nbd2 b6 5. a3 Bxd2+ 6. Bxd2 Bb7 7. e3 O-O 8.
Bd3 Ne4 9. O-O d6 10. Qc2 f5 11. Rfd1 Nd7 12. Be1 Qe7 13. Nd2 Nxd2 14. Bxd2 c5
15. b4 Rac8 16. bxc5 dxc5 17. d5 Ne5 18. Bc3 exd5 19. Bxf5 Nf3+ 20. Kh1 Qh4 21.
gxf3 d4 22. Be4 Rxf3 23. Bxb7 Rxf2 24. Qxf2 Qxf2 25. exd4 Rd8 26. dxc5 Rxd1+
27. Rxd1 Qc2 28. Bd5+ Kh8 29. Re1 1-0

[Event "Faaker See op 27th"]
[Site "Latschach (13.8.-20.8)"]
[Date "2011.08.15"]
[Round "4.7"]
[White "Huber, Edwin(70)"]
[Black "Kaid, Almar Dr"]
[Result "0-1"]
[WhiteElo "2113"]
[BlackElo "2262"]
[PlyCount "40"]
[EventDate "2011.08.13"]
[EventType "swiss"]
[EventRounds "9"]
[EventCountry "AUT"]
[WhiteTeam "Ilmmünster SV"]
[BlackTeam "Hamburg-Diogenes SC"]
[WhiteTeamCountry "GER"]
[BlackTeamCountry "GER"]

1. d4 e6 2. e4 d5 3. Nc3 Nc6 4. e5 f6 5. exf6 Nxf6 6. Nf3 Bd6 7. Bg5 O-O 8. Bd3
Qe8 9. Nb5 e5 10. Nxd6 cxd6 11. dxe5 dxe5 12. Bb5 e4 13. Nd4 Qg6 14. h4 Ng4 15.
Rf1 Nh6 16. Bxc6 bxc6 17. Be7 Re8 18. Bc5 e3 19. Ne2 exf2+ 20. Bxf2 Be6 0-1

[Event "Faaker See op 27th"]
[Site "Latschach (13.8.-20.8)"]
[Date "2011.08.15"]
[Round "4.8"]
[White "Scholvin, Erich"]
[Black "Keller, Manfred(45)"]
[Result "1/2-1/2"]
[WhiteElo "2058"]
[BlackElo "2170"]
[PlyCount "97"]
[EventDate "2011.08.13"]
[EventType "swiss"]
[EventRounds "9"]
[EventCountry "AUT"]
[WhiteTeam "Hamburger SK"]
[BlackTeam "Pang/Rosenheim SGem"]
[WhiteTeamCountry "GER"]
[BlackTeamCountry "GER"]

1. d4 Nf6 2. Nf3 g6 3. Nc3 c5 4. dxc5 Na6 5. e4 Nxc5 6. e5 Nfe4 7. Nxe4 Nxe4 8.
Qd4 f5 9. Bd3 Qa5+ 10. c3 Nc5 11. Bc4 Ne6 12. Bxe6 dxe6 13. O-O Bg7 14. Re1 Bd7
15. Bf4 h6 16. h4 Bc6 17. Qe3 Kf7 18. Nd4 Bd5 19. b3 g5 20. hxg5 hxg5 21. Bxg5
Rh5 22. Bf4 Rah8 23. f3 Bh6 24. Bxh6 R5xh6 25. c4 Bc6 26. Nxc6 bxc6 27. Kf2 Rh2
28. Re2 Rg8 29. Rg1 Qb6 30. Qxb6 axb6 31. Rd2 Ra8 32. Kg3 Rhh8 33. Kf4 Ra5 34.
g4 fxg4 35. fxg4 Rha8 36. a4 b5 37. axb5 cxb5 38. cxb5 Rxb5 39. Rd3 Rb4+ 40.
Kf3 Kg6 41. Rg3 Kg5 42. Re3 Ra2 43. Rd3 Rb2 44. Rh3 Rf4+ 45. Ke3 Rxg4 46. Rh8
Rg3+ 47. Ke4 Rxd3 48. Rg8+ Kh6 49. Kxd3 1/2-1/2

[Event "Faaker See op 27th"]
[Site "Latschach (13.8.-20.8)"]
[Date "2011.08.15"]
[Round "4.9"]
[White "Sorcnik, Franc"]
[Black "Niedermeier, Thomas(90)"]
[Result "0-1"]
[WhiteElo "2113"]
[BlackElo "2165"]
[PlyCount "78"]
[EventDate "2011.08.13"]
[EventType "swiss"]
[EventRounds "9"]
[EventCountry "AUT"]
[WhiteTeam "SLO (Slowenien)"]
[BlackTeam "Ilmmünster SV"]
[WhiteTeamCountry "SLO"]
[BlackTeamCountry "GER"]

1. e4 e6 2. d4 d5 3. Nd2 Nf6 4. Bd3 c5 5. e5 Nfd7 6. c3 Nc6 7. Ne2 cxd4 8. cxd4
f6 9. exf6 Nxf6 10. O-O Bd6 11. Nf3 Qc7 12. Bg5 O-O 13. Qc2 h6 14. Bh4 Nh5 15.
Bg6 Rxf3 16. gxf3 Bxh2+ 17. Kh1 Nf4 18. Ng3 Qd6 19. Rad1 e5 20. Bh7+ Kh8 21.
Rfe1 g5 22. dxe5 Qe7 23. Bf5 gxh4 24. Kxh2 hxg3+ 25. fxg3 Bxf5 26. Qxf5 Rf8 27.
Qc2 Qg5 28. e6 Qh5+ 29. Kg1 Nh3+ 30. Kg2 Ng5 31. Rh1 Qxf3+ 32. Kh2 Ne5 33. Rd4
Nxe6 34. Qd2 Ng5 35. Re1 Qh5+ 36. Rh4 Ngf3+ 37. Kg2 Nxh4+ 38. gxh4 Qg4+ 39. Kh1
Qh3+ 0-1

[Event "Faaker See op 27th"]
[Site "Latschach (13.8.-20.8)"]
[Date "2011.08.15"]
[Round "4.10"]
[White "Knoblauch, Leonhard"]
[Black "Saathoff, Richard"]
[Result "1/2-1/2"]
[WhiteElo "2065"]
[BlackElo "2111"]
[PlyCount "55"]
[EventDate "2011.08.13"]
[EventType "swiss"]
[EventRounds "9"]
[EventCountry "AUT"]
[WhiteTeam "Ilmmünster SV"]
[BlackTeam "Nürnberg-Süd SW"]
[WhiteTeamCountry "GER"]
[BlackTeamCountry "GER"]

1. e4 e5 2. Nf3 Nc6 3. Bb5 g6 4. O-O Bg7 5. c3 a6 6. Ba4 d6 7. Re1 Bd7 8. d3
Nf6 9. Nbd2 O-O 10. Nf1 Qe7 11. Bg5 Rfe8 12. Ne3 Qf8 13. Qd2 Nb8 14. Bb3 Be6
15. Nd5 Nxd5 16. exd5 Bg4 17. Ba4 Bd7 18. Bxd7 Nxd7 19. Qc2 Bh6 20. Re2 Qg7 21.
Rae1 Bxg5 22. Nxg5 Nf6 23. Qb3 b6 24. Qc4 h6 25. Ne4 Nxe4 26. Rxe4 f5 27. R4e2
Qd7 28. Re3 1/2-1/2

[Event "Faaker See op 27th"]
[Site "Latschach (13.8.-20.8)"]
[Date "2011.08.15"]
[Round "4.11"]
[White "Mladenov, Plamen"]
[Black "Roescheisen, Markus"]
[Result "1-0"]
[WhiteElo "2107"]
[BlackElo "1977"]
[PlyCount "55"]
[EventDate "2011.08.13"]
[EventType "swiss"]
[EventRounds "9"]
[EventCountry "AUT"]
[WhiteTeam "BUL (Bulgarien)"]
[BlackTeam "Esslingen-RSK TSV"]
[WhiteTeamCountry "BUL"]
[BlackTeamCountry "GER"]

1. d4 Nf6 2. Nf3 g6 3. c4 Bg7 4. Nc3 O-O 5. g3 b6 6. Bg2 Bb7 7. d5 e6 8. O-O
exd5 9. cxd5 Na6 10. Nd4 Re8 11. Bf4 Nh5 12. Be3 f5 13. Rc1 Nf6 14. Ndb5 Rxe3
15. fxe3 Ng4 16. Qd2 Bh6 17. Nd1 Nc5 18. b4 a6 19. Nxc7 Qxc7 20. bxc5 bxc5 21.
d6 Qb6 22. Bd5+ Kf8 23. Bxb7 Qxb7 24. Rxc5 Re8 25. Rc7 Qb6 26. Kh1 Qb1 27. Qd4
Bg7 28. Qxg4 1-0

[Event "Faaker See op 27th"]
[Site "Latschach (13.8.-20.8)"]
[Date "2011.08.15"]
[Round "4.12"]
[White "Guido, Flavio"]
[Black "Schreiber, Ewald"]
[Result "1-0"]
[WhiteElo "2388"]
[BlackElo "2051"]
[PlyCount "93"]
[EventDate "2011.08.13"]
[EventType "swiss"]
[EventRounds "9"]
[EventCountry "AUT"]
[WhiteTeam "ITA (Italien)"]
[BlackTeam "AUT (Österreich)"]
[WhiteTeamCountry "ITA"]
[BlackTeamCountry "AUT"]

1. e4 c6 2. Nc3 d5 3. Nf3 Bg4 4. h3 Bxf3 5. Qxf3 e6 6. Be2 Nd7 7. O-O Ne7 8. d4
Ng6 9. Bd3 Bb4 10. Ne2 dxe4 11. Bxe4 O-O 12. c4 Be7 13. Bd2 Nf6 14. Bc2 Qc7 15.
Bc3 Rad8 16. g3 b6 17. Rad1 c5 18. d5 exd5 19. cxd5 Ne5 20. Qf5 Ng6 21. Rd2 Qd7
22. Rfd1 Qxf5 23. Bxf5 Ne8 24. Be4 Nd6 25. Bg2 Rfe8 26. h4 Nf8 27. Nf4 Nd7 28.
Re2 Bf6 29. Rde1 Rxe2 30. Rxe2 Kf8 31. Ne6+ fxe6 32. dxe6 Ke7 33. exd7+ Kxd7
34. Bh3+ Kc6 35. Bxf6 gxf6 36. Re7 Nc4 37. b3 Rd1+ 38. Kg2 Ne5 39. Rxa7 Rd2 40.
Bf5 h5 41. Be4+ Kb5 42. Bf5 Kb4 43. Rb7 Ka3 44. Rxb6 Kxa2 45. Rb5 Kb2 46. Rxc5
Kxb3 47. Rc8 1-0

[Event "Faaker See op 27th"]
[Site "Latschach (13.8.-20.8)"]
[Date "2011.08.15"]
[Round "4.14"]
[White "Riemelmoser, Franz Dr"]
[Black "Skok, Joze"]
[Result "1/2-1/2"]
[WhiteElo "2308"]
[BlackElo "2004"]
[PlyCount "137"]
[EventDate "2011.08.13"]
[EventType "swiss"]
[EventRounds "9"]
[EventCountry "AUT"]
[WhiteTeam "Simbach SC"]
[BlackTeam "SLO (Slowenien)"]
[WhiteTeamCountry "GER"]
[BlackTeamCountry "SLO"]

1. c4 Nf6 2. Nf3 g6 3. g3 Bg7 4. Bg2 O-O 5. O-O d5 6. d4 c6 7. cxd5 cxd5 8. Nc3
Nc6 9. Ne5 Be6 10. Nxc6 bxc6 11. e3 Qc8 12. Bd2 Bh3 13. Rc1 Bxg2 14. Kxg2 Qf5
15. Qf3 Qxf3+ 16. Kxf3 Nd7 17. Ke2 e5 18. dxe5 Bxe5 19. Na4 Nb6 20. Nxb6 axb6
21. Rxc6 Rxa2 22. Bc1 Rb8 23. Rd1 Ra5 24. b4 Rb5 25. Bd2 Ra8 26. Be1 Ra2+ 27.
Rd2 Ra1 28. f4 Bg7 29. Rc8+ Bf8 30. Rdc2 d4 31. Rd8 d3+ 32. Rxd3 Bxb4 33. Rd8+
Kg7 34. Bxb4 Rxb4 35. Rd7 Ra5 36. g4 Rc5 37. Rcd2 Rc6 38. g5 Re6 39. R7d3 Rxf4
40. Rd6 Rfe4 41. Rxe6 Rxe6 42. Rd3 Rc6 43. h4 Rc2+ 44. Kf3 Rb2 45. Rd8 b5 46.
Rb8 b4 47. Kg3 b3 48. Kf3 Rb1 49. Kg3 h6 50. Kf3 h5 51. Kg2 Kh7 52. Rb7 Kg8 53.
Rb8+ Kg7 54. e4 b2 55. e5 Re1 56. Rxb2 Rxe5 57. Rb3 Re4 58. Kg3 Rd4 59. Rb8
Rd3+ 60. Kg2 Re3 61. Ra8 Re7 62. Kf3 f6 63. gxf6+ Kxf6 64. Ra3 Kf5 65. Ra5+ Kf6
66. Kf4 Re1 67. Ra6+ Kg7 68. Ra7+ Kh6 69. Kg3 1/2-1/2

[Event "Faaker See op 27th"]
[Site "Latschach (13.8.-20.8)"]
[Date "2011.08.15"]
[Round "4.15"]
[White "Seisenberger, Georg"]
[Black "Barthel, Ansgar"]
[Result "0-1"]
[WhiteElo "2014"]
[BlackElo "2199"]
[PlyCount "64"]
[EventDate "2011.08.13"]
[EventType "swiss"]
[EventRounds "9"]
[EventCountry "AUT"]
[WhiteTeam "Ilmmünster SV"]
[BlackTeam "Pirmasens SC"]
[WhiteTeamCountry "GER"]
[BlackTeamCountry "GER"]

1. d4 Nf6 2. c4 g6 3. Nc3 Bg7 4. e4 d6 5. Nf3 O-O 6. h3 c5 7. d5 b5 8. cxb5 a6
9. a4 Qa5 10. Bd2 axb5 11. Bxb5 Ba6 12. Ra3 Ne8 13. O-O Nc7 14. Re1 Qb6 15.
Bxa6 Nbxa6 16. Rb3 Nb4 17. Be3 Qa6 18. Qd2 Rfb8 19. Bh6 Bh8 20. Rb1 Qc4 21. Ra3
Qd3 22. Qxd3 Nxd3 23. Nd1 Nxb2 24. Nxb2 Bxb2 25. Ra2 Bc3 26. Rxb8+ Rxb8 27. Kf1
f5 28. exf5 gxf5 29. Nh4 f4 30. Bxf4 Nxd5 31. Bg5 Ba5 32. Nf5 Rb1+ 0-1